000 00822nam a22002177a 4500
999 _c3834
_d3834
003 AR-CdUCM
008 190307b ||||| |||| 00| 0 spa d
040 _aMUNICIPALIDAD PROVINCIAL DEL CUSCO
_cBIBLIOTECA MUNICIPAL DEL CUSCO
082 _a869.569 /
_bV23
100 _aVallejo, César
_910143
245 _aContra el secreto profesional /
260 _aLima :
_bMosca Azul Editores,
_c1973.
300 _a101 paginas ;
_c19 cm.
500 _aObras completas de Cesar Vallejo.
505 _aContenido t.1:La mayoría de las gentes -- Al animal se le guía -- La cabeza y los pies de la dialéctica -- La muerte de la muerte -- Individuo y sociedad ...
650 _aProsas poéticas peruanas
_92094
650 _aEnsayos peruanos
_9233
650 _aLiteratura peruana
_9169
942 _2ddc
_cLIBROS
945 _arum